Bàn về "Loại hình khẩn hoang Thuận - Quảng" /

Kaydedildi:
Detaylı Bibliyografya
Yazar: Huỳnh Công Bá.
Materyal Türü: Makale
Dil:Vietnamese
Konular:
Etiketler: Etiketle
Etiket eklenmemiş, İlk siz ekleyin!
Thư viện lưu trữ: Thư viện Trường Đại học Đà Lạt
LEADER 00807nam a2200301 4500
001 DLU080063294
005 ##20080822
040 # # |a DLU  |b vie 
041 # # |a vie 
044 # # |a vn 
100 # # |a Huỳnh Công Bá. 
245 # # |a Bàn về "Loại hình khẩn hoang Thuận - Quảng" /  |c Huỳnh Công Bá. 
653 # # |a Dân cư 
653 # # |a Khai hoang 
653 # # |a Quảng Nam 
653 # # |a Thế kỷ 15-19 
773 # # |t Nghiên cứu Lịch sử  |g Số 4(384), 2008, tr. 28-38 
920 # # |a Phòng Tạp chí -- Trung tâm Thông tin - Thư viện Trường Đại học Đà Lạt 
933 # # |a LS 
933 # # |a XH 
994 # # |a DLU 
900 # # |a True 
911 # # |a Hoàng Thị Huyền 
925 # # |a G 
926 # # |a A 
927 # # |a BB 
980 # # |a Thư viện Trường Đại học Đà Lạt